000 00604nam a2200217 a 4500
999 _c2901
_d2901
001 2901
003 BD-JhCC
005 20171108091830.0
008 171108s2008 bg a|||| |||| 000 0 ben d
020 _a9844151600
035 _a(BD-JhCC)2901
040 _aBD-JhCC
_dBD-JhCC
041 _aben
082 _a891.4433
_bAHM 2008
245 _aহিমু মামা /
_c হুমায়ূন আহমেদ
260 _aঢাকা :
_bঅবসর,
_c২০০৮.
300 _a৭৯ পৃ. :
_bill. ;
_c২১ সেম.
650 _aBengali novel
942 _2ddc
_cBK